000 00427nam a2200157Ia 4500
008 230312s9999||||xx |||||||||||||| ||und||
020 _a0-07-239785-3
082 _a658.151
_bGAR-M
100 _aRay H. Garrison
245 0 _aManagerial Accounting
260 _bMcGraw Hill
_aNew York
_c2000
300 _a923
546 _aEng.
650 _aAccounting
_vManagerial Accounting and the Business Environment
942 _cBK
999 _c867
_d867